Кодификационно-семиотическая система мордовского этноса: прошлая и настоящая жизнь знака (Запись № 13428518)
[ простой вид ]
| 000 -МАРКЕР | |
|---|---|
| контрольное поле | 02306nam0a2200385 4500 |
| 001 - ИДЕНТИФИКАТОР ЗАПИСИ | |
| контрольное поле | RU\NLR\BIBL_A\022513442 |
| 005 - ИДЕНТИФИКАТОР ВЕРСИИ | |
| контрольное поле | 20260408222637.0 |
| 010 ## - МЕЖДУНАРОДНЫЙ СТАНДАРТНЫЙ НОМЕР КНИГИ (ISBN) | |
| Номер (ISBN) | 978-5-00008-099-3 |
| Тираж | 200 |
| 035 ## - ДРУГИЕ СИСТЕМНЫЕ НОМЕРА | |
| Идентификатор записи | (NLR Aleph) 022513442 |
| 100 ## - ДАННЫЕ ОБЩЕЙ ОБРАБОТКИ | |
| Данные общей обработки | 20250404d2024 |||y0rusy50 ca |
| 101 0# - ЯЗЫК РЕСУРСА | |
| Язык текста, звукозаписи и т.д. | русский |
| 102 ## - СТРАНА ПУБЛИКАЦИИ ИЛИ ПРОИЗВОДСТВА | |
| Страна публикации | российская федерация |
| 105 ## - ПОЛЕ КОДИРОВАННЫХ ДАННЫХ: ТЕКСТОВЫЕ МАТЕРИАЛЫ, МОНОГРАФИЧЕСКИЕ | |
| Кодированные данные о монографическом текстовом документе | abf z 000yy |
| 181 #0 - ПОЛЕ КОДИРОВАННЫХ ДАННЫХ: ВИД СОДЕРЖАНИЯ | |
| Код вида содержания (ISBD) | i3 |
| Код характеристики содержания (ISBD) | axxe |
| 182 #0 - ПОЛЕ КОДИРОВАННЫХ ДАННЫХ: ТИП СРЕДСТВА | |
| Код типа средства (ISBD) | n - непосредственное |
| 200 1# - ЗАГЛАВИЕ И СВЕДЕНИЯ ОБ ОТВЕТСТВЕННОСТИ | |
| Основное заглавие | Кодификационно-семиотическая система мордовского этноса: прошлая и настоящая жизнь знака |
| Сведения, относящиеся к заглавию | монография |
| Первые сведения об ответственности | [И. В. Зубов, Т. Н. Охотина, И. И. Шеянова и др.] |
| Последующие сведения об ответственности | Мордовская региональная общественная организация развития сельских территорий "Новое село" |
| 203 ## - ВИД СОДЕРЖАНИЯ И ТИП СРЕДСТВА | |
| Вид содержания | Текст |
| Дополнительные сведения об издании | визуальный |
| Тип средства | непосредственный |
| 210 ## - ПУБЛИКАЦИЯ, РАСПРОСТРАНЕНИЕ И ДР. | |
| Место издания, распространения и т.д. | Саранск |
| Имя издателя, распространителя и т. д. | Научно-исследовательский институт гуманитарных наук при Правительстве Республика Мордовия |
| Дата издания, распространения и т.д. | 2024 |
| 215 ## - ФИЗИЧЕСКАЯ ХАРАКТЕРИСТИКА | |
| Специфическое обозначение материала и объем | 150 с., [38] вкл. л. ил., цв. ил. |
| Другие сведения о физической характеристике | ил., карты, цв. ил. |
| Размеры | 25 |
| 300 ## - ОБЩИЕ ПРИМЕЧАНИЯ | |
| Текст примечания | Авт. указаны в содерж. |
| 320 ## - ПРИМЕЧАНИЯ О НАЛИЧИИ В ДОКУМЕНТЕ БИБЛИОГРАФИИ / УКАЗАТЕЛЯ | |
| Текст примечания | Библиогр. в конце разд. |
| 606 1# - НАИМЕНОВАНИЕ ТЕМЫ КАК ПРЕДМЕТ | |
| Наименование темы | Традиционная культура |
| Географический подзаголовок | Мордовия, Республика |
| Системный номер авторитетной/нормативной записи | 2364211 |
| Идентификатор авторитетной/нормативной записи | RU\NLR\AUTH\661411565 |
| 606 ## - НАИМЕНОВАНИЕ ТЕМЫ КАК ПРЕДМЕТ | |
| Наименование темы | Мордовские языки |
| Тематический подзаголовок | Терминология вышивания |
| Идентификатор авторитетной/нормативной записи | RU\NLR\AUTH\6601755970 |
| Системный номер авторитетной/нормативной записи | 2667943 |
| 686 1# - ИНДЕКСЫ ДРУГИХ КЛАССИФИКАЦИЙ | |
| Индекс | Т52(235=Мо) |
| 686 1# - ИНДЕКСЫ ДРУГИХ КЛАССИФИКАЦИЙ | |
| Индекс | Ш166.31-34 |
| 701 #1 - ИМЯ ЛИЦА - АЛЬТЕРНАТИВНАЯ ОТВЕТСТВЕННОСТЬ | |
| Начальный элемент ввода | Зубов |
| Часть имени, кроме начального элемента ввода | И. В. |
| Расширение инициалов личного имени | Игорь Васильевич |
| 701 #1 - ИМЯ ЛИЦА - АЛЬТЕРНАТИВНАЯ ОТВЕТСТВЕННОСТЬ | |
| Начальный элемент ввода | Охотина |
| Часть имени, кроме начального элемента ввода | Т. Н. |
| Расширение инициалов личного имени | Татьяна Николаевна |
| 701 #1 - ИМЯ ЛИЦА - АЛЬТЕРНАТИВНАЯ ОТВЕТСТВЕННОСТЬ | |
| Графика поля | Кириллица |
| Материалы, к которым относится поле | rus |
| Начальный элемент ввода | Шеянова |
| Часть имени, кроме начального элемента ввода | И. И. |
| Расширение инициалов личного имени | Ирина Ивановна |
| Системный номер авторитетной/нормативной записи | 190650 |
| Идентификатор авторитетной/нормативной записи | RU\NLR\AUTH\770190701 |
| 712 02 - НАИМЕНОВАНИЕ ОРГАНИЗАЦИИ - ВТОРИЧНАЯ ОТВЕТСТВЕННОСТЬ | |
| Код отношения | Прочие |
| Начальный элемент ввода | "Новое село", мордовская региональная общественная организация развития сельских территорий |
| Идентифицирующий признак | с. Паракино |
| Идентификатор авторитетной/нормативной записи | RU\NLR\AUTH\880626760 |
| Системный номер авторитетной/нормативной записи | 2659128 |
| 942 ## - ДОПОЛНИТЕЛЬНЫЕ ЭЛЕМЕНТЫ ЗАПИСИ (АБИС) | |
| Тип экземпляра АБИС | Книга |
| 980 ## - КОЛЛЕКЦИЯ | |
| Название коллекции | Национальная библиография |
Нет доступных экземпляров.